|
|
|
|
| LEADER |
00000nam a2200000Ia 4500 |
| 008 |
180912b1988 cr ||||| |||| 00| | spa d |
| 999 |
|
|
|c 2383
|d 2383
|
| 090 |
|
|
|a 19.02.08
|b 697
|
| 110 |
|
|
|9 1703
|a Instituto de Investigación para el Mejoramiento de la Educación Costarricense
|
| 245 |
1 |
0 |
|a Informe de labores del IIMEC /
|c Instituto de Investigación para el Mejoramiento de la Educación Costarricense
|
| 260 |
|
|
|a San José, Costa Rica :
|b IIMEC,
|c 1988
|
| 300 |
|
|
|a volúmenes
|
| 500 |
|
|
|a La Unidad cuenta con los informes de los años 88, 90, 91, 92, 94, 95, 96, 98, 99, 2000, 2001, 2002, 2003
|
| 610 |
|
4 |
|9 2218
|a INSTITUTO DE INVESTIGACIÓN PARA EL MEJORAMIENTO DE LA EDUCACIÓN COSTARRICENSE
|
| 650 |
1 |
4 |
|a INFORMES DE ACTIVIDADES
|9 1465
|
| 942 |
|
|
|i 001121 ,001213 ,001214 ,001215 ,001216 ,001217 ,001218 ,001219 ,001603 ,00471,00850 ,002194 ,002196 ,002185 ,002186 ,002184 ,001000 ,002258 ,001197
|h 19.02.08 697
|2 z
|c 04
|
| 942 |
|
|
|i 001121 ,001213 ,001214 ,001215 ,001216 ,001217 ,001218 ,001219 ,001603 ,00471,00850 ,002194 ,002196 ,002185 ,002186 ,002184 ,001000 ,002258 ,001197
|h 19.02.08 697
|2 z
|
| 942 |
|
|
|i 001121 ,001213 ,001214 ,001215 ,001216 ,001217 ,001218 ,001219 ,001603 ,00471,00850 ,002194 ,002196 ,002185 ,002186 ,002184 ,001000 ,002258 ,001197
|h 19.02.08 697
|2 z
|
| 942 |
|
|
|i 001121 ,001213 ,001214 ,001215 ,001216 ,001217 ,001218 ,001219 ,001603 ,00471,00850 ,002194 ,002196 ,002185 ,002186 ,002184 ,001000 ,002258 ,001197
|h 19.02.08 697
|2 z
|
| 942 |
|
|
|i 001121 ,001213 ,001214 ,001215 ,001216 ,001217 ,001218 ,001219 ,001603 ,00471,00850 ,002194 ,002196 ,002185 ,002186 ,002184 ,001000 ,002258 ,001197
|h 19.02.08 697
|2 z
|
| 942 |
|
|
|i 001121 ,001213 ,001214 ,001215 ,001216 ,001217 ,001218 ,001219 ,001603 ,00471,00850 ,002194 ,002196 ,002185 ,002186 ,002184 ,001000 ,002258 ,001197
|h 19.02.08 697
|2 z
|
| 942 |
|
|
|i 001121 ,001213 ,001214 ,001215 ,001216 ,001217 ,001218 ,001219 ,001603 ,00471,00850 ,002194 ,002196 ,002185 ,002186 ,002184 ,001000 ,002258 ,001197
|h 19.02.08 697
|2 z
|
| 942 |
|
|
|i 001121 ,001213 ,001214 ,001215 ,001216 ,001217 ,001218 ,001219 ,001603 ,00471,00850 ,002194 ,002196 ,002185 ,002186 ,002184 ,001000 ,002258 ,001197
|h 19.02.08 697
|2 z
|
| 942 |
|
|
|i 001121 ,001213 ,001214 ,001215 ,001216 ,001217 ,001218 ,001219 ,001603 ,00471,00850 ,002194 ,002196 ,002185 ,002186 ,002184 ,001000 ,002258 ,001197
|h 19.02.08 697
|2 z
|
| 942 |
|
|
|i 001121 ,001213 ,001214 ,001215 ,001216 ,001217 ,001218 ,001219 ,001603 ,00471,00850 ,002194 ,002196 ,002185 ,002186 ,002184 ,001000 ,002258 ,001197
|h 19.02.08 697
|2 z
|
| 942 |
|
|
|i 001121 ,001213 ,001214 ,001215 ,001216 ,001217 ,001218 ,001219 ,001603 ,00471,00850 ,002194 ,002196 ,002185 ,002186 ,002184 ,001000 ,002258 ,001197
|h 19.02.08 697
|2 z
|
| 942 |
|
|
|i 001121 ,001213 ,001214 ,001215 ,001216 ,001217 ,001218 ,001219 ,001603 ,00471,00850 ,002194 ,002196 ,002185 ,002186 ,002184 ,001000 ,002258 ,001197
|h 19.02.08 697
|2 z
|
| 942 |
|
|
|i 001121 ,001213 ,001214 ,001215 ,001216 ,001217 ,001218 ,001219 ,001603 ,00471,00850 ,002194 ,002196 ,002185 ,002186 ,002184 ,001000 ,002258 ,001197
|h 19.02.08 697
|2 z
|
| 942 |
|
|
|i 001121 ,001213 ,001214 ,001215 ,001216 ,001217 ,001218 ,001219 ,001603 ,00471,00850 ,002194 ,002196 ,002185 ,002186 ,002184 ,001000 ,002258 ,001197
|h 19.02.08 697
|2 z
|
| 942 |
|
|
|i 001121 ,001213 ,001214 ,001215 ,001216 ,001217 ,001218 ,001219 ,001603 ,00471,00850 ,002194 ,002196 ,002185 ,002186 ,002184 ,001000 ,002258 ,001197
|h 19.02.08 697
|2 z
|
| 942 |
|
|
|i 001121 ,001213 ,001214 ,001215 ,001216 ,001217 ,001218 ,001219 ,001603 ,00471,00850 ,002194 ,002196 ,002185 ,002186 ,002184 ,001000 ,002258 ,001197
|h 19.02.08 697
|2 z
|
| 942 |
|
|
|i 001121 ,001213 ,001214 ,001215 ,001216 ,001217 ,001218 ,001219 ,001603 ,00471,00850 ,002194 ,002196 ,002185 ,002186 ,002184 ,001000 ,002258 ,001197
|h 19.02.08 697
|2 z
|
| 942 |
|
|
|i 001121 ,001213 ,001214 ,001215 ,001216 ,001217 ,001218 ,001219 ,001603 ,00471,00850 ,002194 ,002196 ,002185 ,002186 ,002184 ,001000 ,002258 ,001197
|h 19.02.08 697
|2 z
|
| 942 |
|
|
|i 001121 ,001213 ,001214 ,001215 ,001216 ,001217 ,001218 ,001219 ,001603 ,00471,00850 ,002194 ,002196 ,002185 ,002186 ,002184 ,001000 ,002258 ,001197
|h 19.02.08 697
|2 z
|